000 00619nam a2200241Ia 4500
003 OSt
005 20220918205000.0
006 a|||||r|||| 00| 0
007 ta
008 220917b |||||||| |||| 00| 0 eng d
024 _a114,892
037 _cTextual
040 _aARTS
_cARTS
_beng
041 _2eng
_aeng
082 _aV6:1946.N, M5
100 _aHaseeb Khair el Din
_9113751
245 0 _aArab and africa
260 _aLondon
_bCroom Helm UK
_c1985
300 _a717p.
_ccm.
650 _aHISTORY
942 _hV6:1946.N, M5
_cTEXL
_2CC
999 _c238222
_d238222